Statistiques concernant Seventeen

Cliquez ici pour prendre le quiz!

Statistiques générales

  • Ce quiz a été pris 418 fois
  • Le résultat moyen est 12 sur 13

Statistiques - réponses

Noms des membres% Correct
Hoshi
97%
The 8
97%
Dino
96%
Dokyeom
96%
Jun
96%
Vernon
96%
Woozi
96%
Joshua
95%
Mingyu
95%
S.Coups
95%
Seungkwan
92%
Wonwoo
92%
Jeonghan
91%

Distribution des résultats

Percentile par nombre de réponses

% des personnes avec chaque résultat

Votre développement - résultats

Vous n’avez pas pris ce quiz